00769nam a22002417i 4500001000800000003001000008007000500018008004100023040003500064041000800099043000700107084000700114110008300121245006100204246006500265264001100330300001900341336002700360337003300387338002800420650001400448773006500462B-11757CO-BoFNCPt|| 090305s2008 ck r spa d  aCO-BoFNCPbspacCO-BoFNCPerda aspa ack aA-1 aFederación Nacional de Cultivadores de Palma de Aceite, Fedepalma [Colombia]10aEs urgente mejorar el desempeño productivo del sector.2 aThe oil palm sector urgently needs productivity improvements 4c©2008 apáginas 5-8. atextobtxt2rdacontent asin mediaciónbn2rdamedia avolumenbnc2rdacarrier 0aEditorial0 aPalmas (Colombia)gv. 29, no. 4 (2008), p.5-8wA-x0121-2923